000 00843nam a2200265Ia 4500
003 OSt
005 20221005060047.0
006 a|||||r|||| 00| 0
007 ta
008 221004b |||||||| |||| 00| 0 eng d
020 _a978 0 7453 3428 8 (hbk)
_cINR 1095.00
024 _a44365
037 _b57301, 20/02/2019, Segment Book Distributors
_cTextual
040 _aCRL
_cCRL
_beng
041 _2eng
_aeng
082 _aV2y7M69, Q9
100 _aAhmed Talat Au.
_9599320
245 0 _aMohandas Gandhi
_b experiments in civil disobedience
260 _aLondon
_bPluto press UK
_c2019
300 _axiii,193p.
_ccm.
490 _aRevolutionary lives
650 _aGANDHI, MAHATAMA
_94156
942 _hV2y7M69, Q9
_cTEXL
_2cc
999 _c966117
_d966117